| 000 | 01492nam a2200385 a 4500 | ||
|---|---|---|---|
| 001 | ebr10175585 | ||
| 003 | CaPaEBR | ||
| 006 | m u | ||
| 007 | cr cn||||||||| | ||
| 008 | 060822s2007 ne a sb 001 0 eng | ||
| 010 | _z 2006027814 | ||
| 015 |
_aGBA682077 _2bnb |
||
| 016 | 7 |
_z013562973 _2Uk |
|
| 020 | _z0750679719 (pbk. : alk. paper) | ||
| 020 | _z9780750679718 | ||
| 040 |
_aCaPaEBR _cCaPaEBR |
||
| 035 | _a(OCoLC)162593840 | ||
| 050 | 1 | 4 |
_aTK5105.8865 _b.C47 2007eb |
| 082 | 0 | 4 |
_a004.69 _222 |
| 100 | 1 | _aChandra, Praphul. | |
| 245 | 1 | 0 |
_aWi-Fi telephony _h[electronic resource] : _bchallenges and solutions for voice over WLANs / _cby Praphul Chandra and David Lide. |
| 246 | 3 | 0 | _aChallenges and solutions for voice over WLANs |
| 260 |
_aAmsterdam ; _aBoston : _bElsevier/Newnes, _cc2007. |
||
| 300 |
_axx, 268 p. : _bill. |
||
| 490 | 1 | _aCommunications engineering series | |
| 504 | _aIncludes bibliographical references and index. | ||
| 533 |
_aElectronic reproduction. _bPalo Alto, Calif. : _cebrary, _d2013. _nAvailable via World Wide Web. _nAccess may be limited to ebrary affiliated libraries. |
||
| 650 | 0 | _aInternet telephony. | |
| 650 | 0 | _aWireless LANs. | |
| 655 | 7 |
_aElectronic books. _2local |
|
| 700 | 1 |
_aLide, David R., _d1928- |
|
| 710 | 2 | _aebrary, Inc. | |
| 830 | 0 | _aCommunications engineering series. | |
| 856 | 4 | 0 |
_uhttp://site.ebrary.com/lib/rucke/Doc?id=10175585 _zAn electronic book accessible through the World Wide Web; click to view |
| 999 |
_c237961 _d237961 |
||